[Event "Irena Warakomska Memorial B"]
[Site "Suwalki"]
[Date "2018.08.07"]
[Round "8"]
[White "Reshetniak, Vitaliy"]
[Black "Szczotka, Klara"]
[Result "1/2-1/2"]
[Board "20"]
[WhiteElo "2085"]
[WhiteCountry "UKR"]
[WhiteFideId "14125250"]
[WhiteEloChange "-8"]
[BlackElo "1483"]
[BlackCountry "POL"]
[BlackFideId "21858845"]
[BlackEloChange "8"]

1. d4 {[%clk 1:30:30]} f5 {[%clk 1:30:30]} 2. Nc3 {[%clk 1:30:30]} Nf6 {[%clk
1:30:30]} 3. Bg5 {[%clk 1:30:30]} g6 {[%clk 1:30:30]} 4. Bxf6 {[%clk 1:30:30]}
exf6 {[%clk 1:30:30]} 5. e3 {[%clk 1:30:30]} d5 {[%clk 1:30:30]} 6. Bd3 {[%clk
1:30:30]} Be6 {[%clk 1:30:30]} 7. a3 {[%clk 1:30:30]} Be7 {[%clk 1:30:30]} 8. Qf3
{[%clk 1:30:30]} c6 {[%clk 1:30:30]} 9. Nge2 {[%clk 1:30:30]} Nd7 {[%clk
1:30:30]} 10. h4 {[%clk 1:30:30]} h5 {[%clk 1:30:30]} 11. Nf4 {[%clk 1:30:30]}
Bf7 {[%clk 1:30:30]} 12. b4 {[%clk 1:30:30]} Nb6 {[%clk 1:30:30]} 13. O-O {[%clk
1:30:30]} Qd7 {[%clk 1:30:30]} 14. b5 {[%clk 1:30:30]} g5 {[%clk 1:30:30]} 15.
bxc6 {[%clk 1:30:30]} bxc6 {[%clk 1:30:30]} 16. Nfe2 {[%clk 1:30:30]} Be6 {[%clk
1:30:30]} 17. Ng3 {[%clk 1:30:30]} g4 {[%clk 1:30:30]} 18. Qd1 {[%clk 1:30:30]}
Bd6 {[%clk 1:30:30]} 19. Nce2 {[%clk 1:30:30]} Kf7 {[%clk 1:30:30]} 20. Nf4
{[%clk 1:30:30]} Bxf4 {[%clk 1:30:30]} 21. exf4 {[%clk 1:30:30]} Nc8 {[%clk
1:30:30]} 22. c3 {[%clk 1:30:30]} Nd6 {[%clk 1:30:30]} 23. f3 {[%clk 1:30:30]}
Rag8 {[%clk 1:30:30]} 24. Kf2 {[%clk 1:30:30]} Rh6 {[%clk 1:30:30]} 25. Qc2
{[%clk 1:30:30]} Rhg6 {[%clk 1:30:30]} 26. Rg1 {[%clk 1:30:30]} Qc8 {[%clk
1:30:30]} 27. Qa4 {[%clk 1:30:30]} Qc7 {[%clk 1:30:30]} 28. Qc2 {[%clk 1:30:30]}
Qc8 {[%clk 1:30:30]} 29. Rae1 {[%clk 1:30:30]} Bd7 {[%clk 1:30:30]} 30. Qe2
{[%clk 1:30:30]} Re8 {[%clk 1:30:30]} 31. Qc2 {[%clk 1:30:30]} Reg8 {[%clk
1:30:30]} 32. Re3 {[%clk 1:30:30]} c5 {[%clk 1:30:30]} 33. Qd2 {[%clk 1:30:30]}
Kf8 {[%clk 1:30:30]} 34. Qa2 {[%clk 1:30:30]} cxd4 {[%clk 1:30:30]} 35. cxd4
{[%clk 1:30:30]} Nc4 {[%clk 1:30:30]} 36. Bxc4 {[%clk 1:30:30]} dxc4 {[%clk
1:30:30]} 37. Qb2 {[%clk 1:30:30]} Kf7 {[%clk 1:30:30]} 38. Qb4 {[%clk 1:30:30]}
Kg7 {[%clk 1:30:30]} 39. Nxh5+ {[%clk 1:30:30]} Kh6 {[%clk 1:30:30]} 40. Ng3
{[%clk 1:30:30]} gxf3 {[%clk 1:30:30]} 41. gxf3 {[%clk 1:30:30]} Qc7 {[%clk
1:30:30]} 42. Qd2 {[%clk 1:30:30]} Qxf4 {[%clk 1:30:30]} 43. Re2 {[%clk 1:30:30]}
Qxd2 {[%clk 1:30:30]} 44. Rxd2 {[%clk 1:30:30]} f4 {[%clk 1:30:30]} 45. Ne2
{[%clk 1:30:30]} Rxg1 {[%clk 1:30:30]} 46. Nxg1 {[%clk 1:30:30]} Bf5 {[%clk
1:30:30]} 47. Ne2 {[%clk 1:30:30]} Rc8 {[%clk 1:30:30]} 48. Nxf4 {[%clk 1:30:30]}
c3 {[%clk 1:30:30]} 49. Rd1 {[%clk 1:30:30]} c2 {[%clk 1:30:30]} 50. Rc1 {[%clk
1:30:30]} Rb8 {[%clk 1:30:30]} 51. Ke1 {[%clk 1:30:30]} Rb3 {[%clk 1:30:30]} 52.
Ke2 {[%clk 1:30:30]} Rxa3 {[%clk 1:30:30]} 53. d5 {[%clk 1:30:30]} Ra6 {[%clk
1:30:30]} 54. Ng2 {[%clk 1:30:30]} Bh7 {[%clk 1:30:30]} 55. Ne3 {[%clk 1:30:30]}
Rd6 {[%clk 1:30:30]} 56. Nxc2 {[%clk 1:30:30]} Rb6 {[%clk 1:30:30]} 57. Ne3
{[%clk 1:30:30]} Rb5 {[%clk 1:30:30]} 58. Rc6 {[%clk 1:30:30]} Rb6 {[%clk
1:30:30]} 59. Ng4+ {[%clk 1:30:30]} Kg6 {[%clk 1:30:30]} 60. Rc7 {[%clk 1:30:30]}
Rd6 {[%clk 1:30:30]} 61. Kf2 {[%clk 1:30:30]} f5 {[%clk 1:30:30]} 62. h5+ {[%clk
1:30:30]} Kg5 {[%clk 1:30:30]} 63. Rxh7 {[%clk 1:30:30]} fxg4 {[%clk 1:30:30]}
1/2-1/2

[Event "Irena Warakomska Memorial B"]
[Site "Suwalki"]
[Date "2018.08.07"]
[Round "8"]
[White "Grabowski, Adam"]
[Black "Paszkowski, Krystian"]
[Result "1-0"]
[Board "21"]
[WhiteElo "2066"]
[WhiteCountry "POL"]
[WhiteFideId "1142143"]
[WhiteEloChange "2"]
[BlackElo "1609"]
[BlackCountry "POL"]
[BlackFideId "21853002"]
[BlackEloChange "-2"]

1. Nf3 {[%clk 1:30:30]} c5 {[%clk 1:30:30]} 2. c4 {[%clk 1:30:30]} g6 {[%clk
1:30:30]} 3. Nc3 {[%clk 1:30:30]} Bg7 {[%clk 1:30:30]} 4. e3 {[%clk 1:30:30]} Nf6
{[%clk 1:30:30]} 5. d4 {[%clk 1:30:30]} cxd4 {[%clk 1:30:30]} 6. exd4 {[%clk
1:30:30]} d5 {[%clk 1:30:30]} 7. c5 {[%clk 1:30:30]} O-O {[%clk 1:30:30]} 8. Bd3
{[%clk 1:30:30]} Nc6 {[%clk 1:30:30]} 9. O-O {[%clk 1:30:30]} Bg4 {[%clk
1:30:30]} 10. Be2 {[%clk 1:30:30]} Qd7 {[%clk 1:30:30]} 11. Re1 {[%clk 1:30:30]}
Ne4 {[%clk 1:30:30]} 12. Be3 {[%clk 1:30:30]} Rad8 {[%clk 1:30:30]} 13. h3 {[%clk
1:30:30]} Bxf3 {[%clk 1:30:30]} 14. Bxf3 {[%clk 1:30:30]} Nxc3 {[%clk 1:30:30]}
15. bxc3 {[%clk 1:30:30]} e5 {[%clk 1:30:30]} 16. Rb1 {[%clk 1:30:30]} e4 {[%clk
1:30:30]} 17. Be2 {[%clk 1:30:30]} f5 {[%clk 1:30:30]} 18. Bf4 {[%clk 1:30:30]}
h6 {[%clk 1:30:30]} 19. f3 {[%clk 1:30:30]} Kh7 {[%clk 1:30:30]} 20. Bd6 {[%clk
1:30:30]} Rf7 {[%clk 1:30:30]} 21. Qb3 {[%clk 1:30:30]} Qe6 {[%clk 1:30:30]} 22.
fxe4 {[%clk 1:30:30]} fxe4 {[%clk 1:30:30]} 23. Bg4 {[%clk 1:30:30]} Qe8 {[%clk
1:30:30]} 24. Qxd5 {[%clk 1:30:30]} e3 {[%clk 1:30:30]} 25. Rf1 {[%clk 1:30:30]}
Rxf1+ {[%clk 1:30:30]} 26. Rxf1 {[%clk 1:30:30]} e2 {[%clk 1:30:30]} 27. Re1
{[%clk 1:30:30]} Qe3+ {[%clk 1:30:30]} 28. Kh2 {[%clk 1:30:30]} Qxc3 {[%clk
1:30:30]} 29. Rxe2 {[%clk 1:30:30]} Qxd4 {[%clk 1:30:30]} 30. Qxd4 {[%clk
1:30:30]} Bxd4 {[%clk 1:30:30]} 31. Bf3 {[%clk 1:30:30]} Bf6 {[%clk 1:30:30]} 32.
Re1 {[%clk 1:30:30]} Kg7 {[%clk 1:30:30]} 33. Rb1 {[%clk 1:30:30]} Rd7 {[%clk
1:30:30]} 34. Bg4 {[%clk 1:30:30]} Rd8 {[%clk 1:30:30]} 35. Rxb7+ {[%clk
1:30:30]} Kh8 {[%clk 1:30:30]} 36. Bf3 {[%clk 1:30:30]} Be5+ {[%clk 1:30:30]} 37.
Bxe5+ {[%clk 1:30:30]} Nxe5 {[%clk 1:30:30]} 38. c6 {[%clk 1:30:30]} Nxf3+ {[%clk
1:30:30]} 39. gxf3 {[%clk 1:30:30]} Rd2+ {[%clk 1:30:30]} 40. Kg3 {[%clk
1:30:30]} Rxa2 {[%clk 1:30:30]} 41. c7 {[%clk 1:30:30]} Rc2 {[%clk 1:30:30]} 42.
Rb8+ {[%clk 1:30:30]} 1-0

[Event "Irena Warakomska Memorial B"]
[Site "Suwalki"]
[Date "2018.08.07"]
[Round "8"]
[White "Bien, Janusz"]
[Black "Furtak, Joanna"]
[Result "1/2-1/2"]
[Board "22"]
[WhiteElo "1976"]
[WhiteCountry "POL"]
[WhiteFideId "1137921"]
[WhiteEloChange "-1"]
[BlackElo "1948"]
[BlackCountry "POL"]
[BlackFideId "21804842"]
[BlackEloChange "1"]

1. e4 {[%clk 1:30:30]} e5 {[%clk 1:30:30]} 2. d4 {[%clk 1:30:30]} exd4 {[%clk
1:30:30]} 3. Nf3 {[%clk 1:30:30]} Nc6 {[%clk 1:30:30]} 4. Bc4 {[%clk 1:30:30]}
Nf6 {[%clk 1:30:30]} 5. e5 {[%clk 1:30:30]} Ng4 {[%clk 1:30:30]} 6. O-O {[%clk
1:30:30]} Be7 {[%clk 1:30:30]} 7. Re1 {[%clk 1:30:30]} d6 {[%clk 1:30:30]} 8.
exd6 {[%clk 1:30:30]} Qxd6 {[%clk 1:30:30]} 9. b3 {[%clk 1:30:30]} O-O {[%clk
1:30:30]} 10. Ba3 {[%clk 1:30:30]} Qf6 {[%clk 1:30:30]} 11. Bxe7 {[%clk 1:30:30]}
Nxe7 {[%clk 1:30:30]} 12. Qxd4 {[%clk 1:30:30]} Nc6 {[%clk 1:30:30]} 13. Qxf6
{[%clk 1:30:30]} Nxf6 {[%clk 1:30:30]} 14. Ne5 {[%clk 1:30:30]} Nb4 {[%clk
1:30:30]} 15. Na3 {[%clk 1:30:30]} Bf5 {[%clk 1:30:30]} 16. c3 {[%clk 1:30:30]}
Nbd5 {[%clk 1:30:30]} 17. g4 {[%clk 1:30:30]} Be6 {[%clk 1:30:30]} 18. g5 {[%clk
1:30:30]} Nh5 {[%clk 1:30:30]} 19. Bxd5 {[%clk 1:30:30]} Bxd5 {[%clk 1:30:30]}
20. c4 {[%clk 1:30:30]} Be6 {[%clk 1:30:30]} 21. Nb5 {[%clk 1:30:30]} Rfc8 {[%clk
1:30:30]} 22. g6 {[%clk 1:30:30]} f6 {[%clk 1:30:30]} 23. gxh7+ {[%clk 1:30:30]}
Kxh7 {[%clk 1:30:30]} 24. Nd3 {[%clk 1:30:30]} Bd7 {[%clk 1:30:30]} 25. Re7
{[%clk 1:30:30]} Bxb5 {[%clk 1:30:30]} 26. cxb5 {[%clk 1:30:30]} a6 {[%clk
1:30:30]} 27. bxa6 {[%clk 1:30:30]} Rxa6 {[%clk 1:30:30]} 28. Nc5 {[%clk
1:30:30]} Rb6 {[%clk 1:30:30]} 29. Rd1 {[%clk 1:30:30]} Nf4 {[%clk 1:30:30]} 30.
h4 {[%clk 1:30:30]} Ng6 {[%clk 1:30:30]} 31. Re4 {[%clk 1:30:30]} Rb5 {[%clk
1:30:30]} 32. b4 {[%clk 1:30:30]} f5 {[%clk 1:30:30]} 33. Red4 {[%clk 1:30:30]}
b6 {[%clk 1:30:30]} 34. Nd3 {[%clk 1:30:30]} Ne5 {[%clk 1:30:30]} 35. Nxe5 {[%clk
1:30:30]} Rxe5 {[%clk 1:30:30]} 36. Rc1 {[%clk 1:30:30]} c5 {[%clk 1:30:30]} 37.
Rdc4 {[%clk 1:30:30]} Ra8 {[%clk 1:30:30]} 38. bxc5 {[%clk 1:30:30]} bxc5 {[%clk
1:30:30]} 39. a4 {[%clk 1:30:30]} Kg6 {[%clk 1:30:30]} 40. Kg2 {[%clk 1:30:30]}
Ra5 {[%clk 1:30:30]} 41. Kg3 {[%clk 1:30:30]} Kf6 {[%clk 1:30:30]} 42. Kf4 {[%clk
1:30:30]} Re2 {[%clk 1:30:30]} 43. f3 {[%clk 1:30:30]} Ra2 {[%clk 1:30:30]} 44.
Rxc5 {[%clk 1:30:30]} Rxc5 {[%clk 1:30:30]} 1/2-1/2

[Event "Irena Warakomska Memorial B"]
[Site "Suwalki"]
[Date "2018.08.07"]
[Round "8"]
[White "Blasiak, Miroslaw"]
[Black "Wloch, Mikolaj"]
[Result "0-1"]
[Board "23"]
[WhiteElo "1683"]
[WhiteCountry "POL"]
[WhiteFideId "1109324"]
[WhiteEloChange "-8"]
[BlackElo "1738"]
[BlackCountry "POL"]
[BlackFideId "1194380"]
[BlackEloChange "8"]

1. e4 {[%clk 1:30:30]} c5 {[%clk 1:30:30]} 2. Nf3 {[%clk 1:30:30]} d6 {[%clk
1:30:30]} 3. d4 {[%clk 1:30:30]} cxd4 {[%clk 1:30:30]} 4. Nxd4 {[%clk 1:30:30]}
Nf6 {[%clk 1:30:30]} 5. Nc3 {[%clk 1:30:30]} g6 {[%clk 1:30:30]} 6. Be3 {[%clk
1:30:30]} Bg7 {[%clk 1:30:30]} 7. f3 {[%clk 1:30:30]} O-O {[%clk 1:30:30]} 8. Qd2
{[%clk 1:30:30]} Nc6 {[%clk 1:30:30]} 9. Bc4 {[%clk 1:30:30]} Bd7 {[%clk
1:30:30]} 10. O-O-O {[%clk 1:30:30]} a6 {[%clk 1:30:30]} 11. h4 {[%clk 1:30:30]}
b5 {[%clk 1:30:30]} 12. Bb3 {[%clk 1:30:30]} Na5 {[%clk 1:30:30]} 13. Kb1 {[%clk
1:30:30]} Nxb3 {[%clk 1:30:30]} 14. cxb3 {[%clk 1:30:30]} b4 {[%clk 1:30:30]} 15.
Nce2 {[%clk 1:30:30]} a5 {[%clk 1:30:30]} 16. h5 {[%clk 1:30:30]} Qb8 {[%clk
1:30:30]} 17. Bh6 {[%clk 1:30:30]} a4 {[%clk 1:30:30]} 18. Bxg7 {[%clk 1:30:30]}
Kxg7 {[%clk 1:30:30]} 19. hxg6 {[%clk 1:30:30]} fxg6 {[%clk 1:30:30]} 20. g4
{[%clk 1:30:30]} Rh8 {[%clk 1:30:30]} 21. Qh6+ {[%clk 1:30:30]} Kf7 {[%clk
1:30:30]} 22. g5 {[%clk 1:30:30]} Ne8 {[%clk 1:30:30]} 23. Qh4 {[%clk 1:30:30]}
e5 {[%clk 1:30:30]} 24. Nc2 {[%clk 1:30:30]} axb3 {[%clk 1:30:30]} 25. axb3
{[%clk 1:30:30]} Be6 {[%clk 1:30:30]} 26. f4 {[%clk 1:30:30]} Bxb3 {[%clk
1:30:30]} 27. fxe5 {[%clk 1:30:30]} Qc7 {[%clk 1:30:30]} 28. Rhf1+ {[%clk
1:30:30]} Ke7 {[%clk 1:30:30]} 29. Ned4 {[%clk 1:30:30]} Ba2+ {[%clk 1:30:30]}
30. Kc1 {[%clk 1:30:30]} dxe5 {[%clk 1:30:30]} 31. Nf5+ {[%clk 1:30:30]} gxf5
{[%clk 1:30:30]} 32. g6+ {[%clk 1:30:30]} Nf6 {[%clk 1:30:30]} 33. Rxf5 {[%clk
1:30:30]} Ra6 {[%clk 1:30:30]} 34. Qg5 {[%clk 1:30:30]} Re6 {[%clk 1:30:30]} 35.
Rdf1 {[%clk 1:30:30]} Bb3 {[%clk 1:30:30]} 36. R1f2 {[%clk 1:30:30]} Ra8 {[%clk
1:30:30]} 37. Kb1 {[%clk 1:30:30]} Bxc2+ {[%clk 1:30:30]} 38. Rxc2 {[%clk
1:30:30]} Qa5 {[%clk 1:30:30]} 39. Rcf2 {[%clk 1:30:30]} Qa1+ {[%clk 1:30:30]}
40. Kc2 {[%clk 1:30:30]} Rc8+ {[%clk 1:30:30]} 41. Kd3 {[%clk 1:30:30]} Qb1+
{[%clk 1:30:30]} 42. Ke2 {[%clk 1:30:30]} Qxe4+ {[%clk 1:30:30]} 43. Kf1 {[%clk
1:30:30]} Qh1+ {[%clk 1:30:30]} 44. Ke2 {[%clk 1:30:30]} Rc2+ {[%clk 1:30:30]}
0-1

[Event "Irena Warakomska Memorial B"]
[Site "Suwalki"]
[Date "2018.08.07"]
[Round "8"]
[White "Cap, Piotr"]
[Black "Warchol, Kamil"]
[Result "1-0"]
[Board "24"]
[WhiteElo "1934"]
[WhiteCountry "POL"]
[WhiteFideId "21880530"]
[WhiteEloChange "2"]
[BlackElo "1540"]
[BlackTitle "CM"]
[BlackCountry "POL"]
[BlackFideId "21858241"]
[BlackEloChange "-2"]

1. d4 {[%clk 1:30:30]} d5 {[%clk 1:30:30]} 2. Nf3 {[%clk 1:30:30]} Bf5 {[%clk
1:30:30]} 3. g3 {[%clk 1:30:30]} Nf6 {[%clk 1:30:30]} 4. Bg2 {[%clk 1:30:30]} e6
{[%clk 1:30:30]} 5. O-O {[%clk 1:30:30]} c5 {[%clk 1:30:30]} 6. c3 {[%clk
1:30:30]} Nc6 {[%clk 1:30:30]} 7. Nbd2 {[%clk 1:30:30]} Bd6 {[%clk 1:30:30]} 8.
a3 {[%clk 1:30:30]} b6 {[%clk 1:30:30]} 9. b4 {[%clk 1:30:30]} h6 {[%clk
1:30:30]} 10. Nb3 {[%clk 1:30:30]} Ne4 {[%clk 1:30:30]} 11. Bb2 {[%clk 1:30:30]}
a5 {[%clk 1:30:30]} 12. b5 {[%clk 1:30:30]} Na7 {[%clk 1:30:30]} 13. a4 {[%clk
1:30:30]} Rc8 {[%clk 1:30:30]} 14. Rc1 {[%clk 1:30:30]} O-O {[%clk 1:30:30]} 15.
Nfd2 {[%clk 1:30:30]} Nxd2 {[%clk 1:30:30]} 16. Qxd2 {[%clk 1:30:30]} Qd7 {[%clk
1:30:30]} 17. c4 {[%clk 1:30:30]} dxc4 {[%clk 1:30:30]} 18. Rxc4 {[%clk 1:30:30]}
Rfd8 {[%clk 1:30:30]} 19. dxc5 {[%clk 1:30:30]} e5 {[%clk 1:30:30]} 20. Rc3
{[%clk 1:30:30]} bxc5 {[%clk 1:30:30]} 21. Nxa5 {[%clk 1:30:30]} Be6 {[%clk
1:30:30]} 22. Nb7 {[%clk 1:30:30]} Bc7 {[%clk 1:30:30]} 23. Qc1 {[%clk 1:30:30]}
Re8 {[%clk 1:30:30]} 24. Nxc5 {[%clk 1:30:30]} Qe7 {[%clk 1:30:30]} 25. Nxe6
{[%clk 1:30:30]} Qxe6 {[%clk 1:30:30]} 26. Rxc7 {[%clk 1:30:30]} Qb6 {[%clk
1:30:30]} 27. Bxe5 {[%clk 1:30:30]} Rxe5 {[%clk 1:30:30]} 28. Rxc8+ {[%clk
1:30:30]} Nxc8 {[%clk 1:30:30]} 29. Qxc8+ {[%clk 1:30:30]} Kh7 {[%clk 1:30:30]}
30. Qc6 {[%clk 1:30:30]} Qd8 {[%clk 1:30:30]} 31. Be4+ {[%clk 1:30:30]} f5 {[%clk
1:30:30]} 32. Bd3 {[%clk 1:30:30]} Qf8 {[%clk 1:30:30]} 33. a5 {[%clk 1:30:30]}
Kh8 {[%clk 1:30:30]} 34. Rc1 {[%clk 1:30:30]} f4 {[%clk 1:30:30]} 35. Qc8 {[%clk
1:30:30]} Re8 {[%clk 1:30:30]} 36. Qf5 {[%clk 1:30:30]} Qxf5 {[%clk 1:30:30]} 37.
Bxf5 {[%clk 1:30:30]} fxg3 {[%clk 1:30:30]} 38. hxg3 {[%clk 1:30:30]} g6 {[%clk
1:30:30]} 39. Rc8 {[%clk 1:30:30]} Rxc8 {[%clk 1:30:30]} 40. Bxc8 {[%clk
1:30:30]} Kg7 {[%clk 1:30:30]} 41. b6 {[%clk 1:30:30]} Kf6 {[%clk 1:30:30]} 42.
b7 {[%clk 1:30:30]} Ke5 {[%clk 1:30:30]} 43. b8Q+ {[%clk 1:30:30]} Kd5 {[%clk
1:30:30]} 44. a6 {[%clk 1:30:30]} Kc5 {[%clk 1:30:30]} 45. a7 {[%clk 1:30:30]}
Kc4 {[%clk 1:30:30]} 46. a8Q {[%clk 1:30:30]} g5 {[%clk 1:30:30]} 47. Qd6 {[%clk
1:30:30]} g4 {[%clk 1:30:30]} 48. Qa4+ {[%clk 1:30:30]} Kc3 {[%clk 1:30:30]} 49.
Qd3+ {[%clk 1:30:30]} Kb2 {[%clk 1:30:30]} 50. Qdc2# {[%clk 1:30:30]} 1-0

[Event "Irena Warakomska Memorial B"]
[Site "Suwalki"]
[Date "2018.08.07"]
[Round "8"]
[White "Zielinski, Konrad"]
[Black "Halas, Przemyslaw"]
[Result "1-0"]
[Board "25"]
[WhiteElo "1646"]
[WhiteCountry "POL"]
[WhiteFideId "1164945"]
[WhiteEloChange "17"]
[BlackElo "1964"]
[BlackCountry "POL"]
[BlackFideId "1122029"]
[BlackEloChange "-17"]

1. e4 {[%clk 1:30:30]} d6 {[%clk 1:30:30]} 2. d4 {[%clk 1:30:30]} g6 {[%clk
1:30:30]} 3. f4 {[%clk 1:30:30]} Bg7 {[%clk 1:30:30]} 4. Nc3 {[%clk 1:30:30]} e6
{[%clk 1:30:30]} 5. Nf3 {[%clk 1:30:30]} Ne7 {[%clk 1:30:30]} 6. Bd3 {[%clk
1:30:30]} b6 {[%clk 1:30:30]} 7. O-O {[%clk 1:30:30]} Bb7 {[%clk 1:30:30]} 8. Be3
{[%clk 1:30:30]} d5 {[%clk 1:30:30]} 9. Ne5 {[%clk 1:30:30]} O-O {[%clk 1:30:30]}
10. f5 {[%clk 1:30:30]} dxe4 {[%clk 1:30:30]} 11. fxg6 {[%clk 1:30:30]} Nxg6
{[%clk 1:30:30]} 12. Nxe4 {[%clk 1:30:30]} Nxe5 {[%clk 1:30:30]} 13. dxe5 {[%clk
1:30:30]} Bxe4 {[%clk 1:30:30]} 14. Bxe4 {[%clk 1:30:30]} Qxd1 {[%clk 1:30:30]}
15. Raxd1 {[%clk 1:30:30]} c6 {[%clk 1:30:30]} 16. Bf4 {[%clk 1:30:30]} a5 {[%clk
1:30:30]} 17. Rf3 {[%clk 1:30:30]} Ra7 {[%clk 1:30:30]} 18. Rg3 {[%clk 1:30:30]}
h6 {[%clk 1:30:30]} 19. Bxh6 {[%clk 1:30:30]} f5 {[%clk 1:30:30]} 20. exf6 {[%clk
1:30:30]} Rxf6 {[%clk 1:30:30]} 21. Rd8+ {[%clk 1:30:30]} Rf8 {[%clk 1:30:30]}
22. Rxf8+ {[%clk 1:30:30]} Kxf8 {[%clk 1:30:30]} 23. Bxg7+ {[%clk 1:30:30]} Rxg7
{[%clk 1:30:30]} 24. Rxg7 {[%clk 1:30:30]} Kxg7 {[%clk 1:30:30]} 25. Kf2 {[%clk
1:30:30]} c5 {[%clk 1:30:30]} 26. h4 {[%clk 1:30:30]} Nd7 {[%clk 1:30:30]} 27. g4
{[%clk 1:30:30]} Ne5 {[%clk 1:30:30]} 28. Kg3 {[%clk 1:30:30]} Nc4 {[%clk
1:30:30]} 29. b3 {[%clk 1:30:30]} Nd6 {[%clk 1:30:30]} 30. Kf4 {[%clk 1:30:30]}
Kf6 {[%clk 1:30:30]} 31. g5+ {[%clk 1:30:30]} Ke7 {[%clk 1:30:30]} 32. h5 {[%clk
1:30:30]} c4 {[%clk 1:30:30]} 33. h6 {[%clk 1:30:30]} cxb3 {[%clk 1:30:30]} 34.
cxb3 {[%clk 1:30:30]} Nf7 {[%clk 1:30:30]} 35. Bg6 {[%clk 1:30:30]} Nxh6 {[%clk
1:30:30]} 36. gxh6 {[%clk 1:30:30]} Kf6 {[%clk 1:30:30]} 37. Bd3 {[%clk 1:30:30]}
Kf7 {[%clk 1:30:30]} 38. Ke5 {[%clk 1:30:30]} Kf8 {[%clk 1:30:30]} 39. Kxe6
{[%clk 1:30:30]} 1-0

[Event "Irena Warakomska Memorial B"]
[Site "Suwalki"]
[Date "2018.08.07"]
[Round "8"]
[White "Duda, Lukasz"]
[Black "Rokita, Miroslaw"]
[Result "1-0"]
[Board "27"]
[WhiteElo "2201"]
[WhiteCountry "POL"]
[WhiteFideId "1119699"]
[WhiteEloChange "2"]
[BlackElo "1691"]
[BlackCountry "POL"]
[BlackFideId "1180207"]
[BlackEloChange "-2"]

1. e4 {[%clk 1:30:30]} c5 {[%clk 1:30:30]} 2. d4 {[%clk 1:30:30]} cxd4 {[%clk
1:30:30]} 3. c3 {[%clk 1:30:30]} Nf6 {[%clk 1:30:30]} 4. e5 {[%clk 1:30:30]} Nd5
{[%clk 1:30:30]} 5. cxd4 {[%clk 1:30:30]} d6 {[%clk 1:30:30]} 6. Nf3 {[%clk
1:30:30]} Nc6 {[%clk 1:30:30]} 7. exd6 {[%clk 1:30:30]} e6 {[%clk 1:30:30]} 8.
Nc3 {[%clk 1:30:30]} Bxd6 {[%clk 1:30:30]} 9. Bd3 {[%clk 1:30:30]} Bd7 {[%clk
1:30:30]} 10. O-O {[%clk 1:30:30]} Nf6 {[%clk 1:30:30]} 11. a3 {[%clk 1:30:30]}
Rc8 {[%clk 1:30:30]} 12. Bg5 {[%clk 1:30:30]} Be7 {[%clk 1:30:30]} 13. Rc1 {[%clk
1:30:30]} a6 {[%clk 1:30:30]} 14. Re1 {[%clk 1:30:30]} Nd5 {[%clk 1:30:30]} 15.
Bd2 {[%clk 1:30:30]} Nf6 {[%clk 1:30:30]} 16. Bb1 {[%clk 1:30:30]} Na5 {[%clk
1:30:30]} 17. d5 {[%clk 1:30:30]} Nc4 {[%clk 1:30:30]} 18. Bg5 {[%clk 1:30:30]}
Nxb2 {[%clk 1:30:30]} 19. Qb3 {[%clk 1:30:30]} Nc4 {[%clk 1:30:30]} 20. Rcd1
{[%clk 1:30:30]} Qc7 {[%clk 1:30:30]} 21. Bxf6 {[%clk 1:30:30]} gxf6 {[%clk
1:30:30]} 22. dxe6 {[%clk 1:30:30]} fxe6 {[%clk 1:30:30]} 23. Ne4 {[%clk
1:30:30]} Nb6 {[%clk 1:30:30]} 24. Qe3 {[%clk 1:30:30]} Nd5 {[%clk 1:30:30]} 25.
Rxd5 {[%clk 1:30:30]} Bc6 {[%clk 1:30:30]} 26. Rdd1 {[%clk 1:30:30]} O-O {[%clk
1:30:30]} 27. Ba2 {[%clk 1:30:30]} Bd5 {[%clk 1:30:30]} 28. Bxd5 {[%clk 1:30:30]}
exd5 {[%clk 1:30:30]} 29. Rxd5 {[%clk 1:30:30]} Rce8 {[%clk 1:30:30]} 30. Qb3
{[%clk 1:30:30]} Kh8 {[%clk 1:30:30]} 31. g3 {[%clk 1:30:30]} Qc6 {[%clk
1:30:30]} 32. Rd2 {[%clk 1:30:30]} b5 {[%clk 1:30:30]} 33. Rde2 {[%clk 1:30:30]}
a5 {[%clk 1:30:30]} 34. Qb2 {[%clk 1:30:30]} b4 {[%clk 1:30:30]} 35. axb4 {[%clk
1:30:30]} Bxb4 {[%clk 1:30:30]} 36. Nd4 {[%clk 1:30:30]} Qa6 {[%clk 1:30:30]} 37.
Ra1 {[%clk 1:30:30]} Qb6 {[%clk 1:30:30]} 38. Ra2 {[%clk 1:30:30]} Kg8 {[%clk
1:30:30]} 39. Nf5 {[%clk 1:30:30]} Qe6 {[%clk 1:30:30]} 40. Nd4 {[%clk 1:30:30]}
Qd5 {[%clk 1:30:30]} 41. Qb3 {[%clk 1:30:30]} Rd8 {[%clk 1:30:30]} 42. Qxd5+
{[%clk 1:30:30]} Rxd5 {[%clk 1:30:30]} 43. Nc6 {[%clk 1:30:30]} f5 {[%clk
1:30:30]} 44. Nxb4 {[%clk 1:30:30]} axb4 {[%clk 1:30:30]} 45. Nd2 {[%clk
1:30:30]} f4 {[%clk 1:30:30]} 46. gxf4 {[%clk 1:30:30]} Rxf4 {[%clk 1:30:30]} 47.
Re3 {[%clk 1:30:30]} Kg7 {[%clk 1:30:30]} 48. Rg3+ {[%clk 1:30:30]} Kf6 {[%clk
1:30:30]} 49. Rf3 {[%clk 1:30:30]} Ke5 {[%clk 1:30:30]} 50. Rxf4 {[%clk 1:30:30]}
Kxf4 {[%clk 1:30:30]} 51. Rb2 {[%clk 1:30:30]} Ke5 {[%clk 1:30:30]} 52. Kf1
{[%clk 1:30:30]} Kd4 {[%clk 1:30:30]} 53. Rxb4+ {[%clk 1:30:30]} Kc3 {[%clk
1:30:30]} 54. Rb7 {[%clk 1:30:30]} Rxd2 {[%clk 1:30:30]} 55. Rxh7 {[%clk
1:30:30]} Rd1+ {[%clk 1:30:30]} 56. Kg2 {[%clk 1:30:30]} Rd8 {[%clk 1:30:30]} 57.
Rh3+ {[%clk 1:30:30]} Kd4 {[%clk 1:30:30]} 58. Re3 {[%clk 1:30:30]} Rg8+ {[%clk
1:30:30]} 59. Kf3 {[%clk 1:30:30]} Rh8 {[%clk 1:30:30]} 60. Re4+ {[%clk 1:30:30]}
Kd5 {[%clk 1:30:30]} 61. h4 {[%clk 1:30:30]} Rf8+ {[%clk 1:30:30]} 62. Rf4 {[%clk
1:30:30]} Rg8 {[%clk 1:30:30]} 63. h5 {[%clk 1:30:30]} Ke5 {[%clk 1:30:30]} 64.
Rg4 {[%clk 1:30:30]} Rf8+ {[%clk 1:30:30]} 65. Kg3 {[%clk 1:30:30]} Rh8 {[%clk
1:30:30]} 66. f4+ {[%clk 1:30:30]} Kf6 {[%clk 1:30:30]} 67. Rg5 {[%clk 1:30:30]}
Ra8 {[%clk 1:30:30]} 68. Kg4 {[%clk 1:30:30]} Ra1 {[%clk 1:30:30]} 69. Rg6+
{[%clk 1:30:30]} Kf7 {[%clk 1:30:30]} 70. Rb6 {[%clk 1:30:30]} Kg7 {[%clk
1:30:30]} 71. Re6 {[%clk 1:30:30]} Rg1+ {[%clk 1:30:30]} 72. Kf5 {[%clk 1:30:30]}
Rh1 {[%clk 1:30:30]} 73. Rg6+ {[%clk 1:30:30]} Kh7 {[%clk 1:30:30]} 74. Rg5
{[%clk 1:30:30]} Rf1 {[%clk 1:30:30]} 75. Ke5 {[%clk 1:30:30]} Re1+ {[%clk
1:30:30]} 76. Kf6 {[%clk 1:30:30]} Rf1 {[%clk 1:30:30]} 77. f5 {[%clk 1:30:30]}
Rf2 {[%clk 1:30:30]} 78. Rg7+ {[%clk 1:30:30]} Kh6 {[%clk 1:30:30]} 79. Rg5
{[%clk 1:30:30]} Kh7 {[%clk 1:30:30]} 80. Ke6 {[%clk 1:30:30]} Re2+ {[%clk
1:30:30]} 81. Kf7 {[%clk 1:30:30]} Re3 {[%clk 1:30:30]} 82. Rg7+ {[%clk 1:30:30]}
Kh8 {[%clk 1:30:30]} 83. Rg8+ {[%clk 1:30:30]} Kh7 {[%clk 1:30:30]} 84. Re8
{[%clk 1:30:30]} Rf3 {[%clk 1:30:30]} 85. f6 {[%clk 1:30:30]} Rf1 {[%clk
1:30:30]} 86. Ke7 {[%clk 1:30:30]} Re1+ {[%clk 1:30:30]} 87. Kf8 {[%clk 1:30:30]}
Kh6 {[%clk 1:30:30]} 88. f7 {[%clk 1:30:30]} Kxh5 {...[%clk 1:30:30]} 1-0